Semut

Bibliographic Details
Corporate Authors: Alkem Company (s) Pte. Ltd, NCDRC, UPSI
Other Authors: Noor Aini Ahmad (Translator)
Format: Book
Published: Malaysia : NUA , 2015
Series:Serangga yang menyeramkan
Subjects:

MARC

LEADER 00000cam a2200000 7i4500
001 0000046103
005 20151222.0
008 150308
020 |a 9670638324 
020 |a 9789670638324 
090 0 0 |a JP ANM   |b MAL 
245 0 0 |a Semut   |c Translator: Noor Aini Ahmad 
260 |a Malaysia :   |b NUA ,   |c 2015 
300 |a 24 pg. ;   |c 23.5 cm. 
490 1 |a Serangga yang menyeramkan 
500 |a Children ages 7-9 years old (orange) 
650 0 |a Animal   |x Malay 
700 1 |a Noor Aini Ahmad (Translator) 
710 1 |a Alkem Company (s) Pte. Ltd. 
710 1 |a NCDRC 
710 1 |a UPSI 
999 |a 0001345951   |b Book   |c Children Collection   |e Cawangan Segamat 
999 |a 0001345952   |b Book   |c Children Collection   |e Cawangan Batu Pahat 
999 |a 0001345953   |b Book   |c Children Collection   |e Cawangan Batu Pahat 
999 |a 0001345954   |b Book   |c Children Collection   |e Cawangan Tangkak 
999 |a 0001345955   |b Book   |c Children Collection   |e Cawangan Tmn. Ungku Tun Aminah 
999 |a 0001345957   |b Book   |c Children Collection   |e Cawangan Taman Sri Lambak 
999 |a 0001345959   |b Book   |c Children Collection   |e Cawangan Bandar Penawar 
999 |a 0001345960   |b Book   |c Children Collection   |e Cawangan Bandar Tenggara 
999 |a 0001345961   |b Book   |c Children Collection   |e Cawangan Sri Merlong 
999 |a 0001345963   |b Book   |c Children Collection   |e Cawangan Mersing 
999 |a 0001345964   |b Book   |c Children Collection   |e Cawangan Pontian 
999 |a 0001347268   |b Book   |c Children Collection   |e Perbadanan Perpustakaan Awam Johor